| 000 | 00521cam a22002171 4500 | ||
|---|---|---|---|
| 001 | sa 63003700 | ||
| 003 | DLC | ||
| 005 | 20260227111943.0 | ||
| 008 | 890510s1962 ii 000 0 hino | ||
| 010 | _asa 63003700 | ||
| 035 | _a(OCoLC)19690979 | ||
| 040 |
_aDLC _cWaU _dDLC |
||
| 042 | _apremarc | ||
| 050 | 0 | 0 |
_aPK2098.S5355 _bZ88 |
| 100 | 1 | _aŚukla, Sudhā. | |
| 245 | 0 | 0 | _aĀcārya Śukla. |
| 260 | _c[1962] | ||
| 300 |
_a238 p. _c18 cm. |
||
| 500 | _aIn Hindi. | ||
| 600 | 1 | 0 |
_aShukla, Ram Chandra, _d1884-1941. |
| 999 |
_c55240 _d55240 |
||